000 01286nam0a22002771 4500
001 rc\4617211
005 20130416195310.9
021 _aRU
_b97-ВП-2917/14
035 _a(NLR Aleph) 008397539
090 _a9215658
_c9215658
100 _a20130416d1960 |||y0rusy50 ca
101 0 _arus
102 _aRU
105 _ay z |||||
200 1 _aНормы расхода запасных частей на ремонт и 100 часов эксплуатации двигателя АМ-5А
210 _a[Москва]
_cБ. и.
_d1960
215 _a103 с.
_d29х23
225 1 _aУправление Главнокомандующего Военно-Воздушными Силами. Научно-исследовательский институт эксплуатации и ремонта авиационной техники ВВС
_vВып. № 977
300 _aНа обороте тит. л. сост.: Сорокин И.С.
702 1 _aСорокин
_bИ. С.
_4220
710 0 1 _aСССР
_bУправление Главнокомандующего военно-воздушными силами Советской Армии
_3RU\NLR\AUTH\889963003
801 0 _aRU
_bNLR
_gpsbo
801 1 _aRU
_bELAR
_2rusmarc
852 _aNLR
_j60-8/1467
942 _cBOOK
980 _aNB